संस्मरण और श्रद्धांजलियाँ / (Record no. 112861)

MARC details
000 -LEADER
fixed length control field 01101nam a22002537a 4500
005 - DATE AND TIME OF LATEST TRANSACTION
control field 20170124102945.0
010 ## - LIBRARY OF CONGRESS CONTROL NUMBER
LC control number A-310759
020 ## - INTERNATIONAL STANDARD BOOK NUMBER
Terms of availability 50.00
International Standard Book Number 8121400902
035 ## - SYSTEM CONTROL NUMBER
System control number A-310759
037 ## - SOURCE OF ACQUISITION
Source of stock number/acquisition Cen Lib/Ret
040 ## - CATALOGING SOURCE
Original cataloging agency DPL
Language of cataloging HN
082 ## - DEWEY DECIMAL CLASSIFICATION NUMBER
Classification number 824
Item number रामधा
100 ## - MAIN ENTRY--PERSONAL NAME
Personal name रामधारी सिंह दिनकर
9 (RLIN) 49475
245 ## - TITLE STATEMENT
Title संस्मरण और श्रद्धांजलियाँ /
Statement of responsibility, etc रामधारी सिंह दिनकर
246 ## - VARYING FORM OF TITLE
Title proper/short title Sansmaran aur shraddhanjliyan /
Remainder of title by Ramdhari Singh Dinkar
260 ## - PUBLICATION, DISTRIBUTION, ETC. (IMPRINT)
Place of publication, distribution, etc नयी दिल्ली
Name of publisher, distributor, etc नेशनल पब्लिशिंग हाउस
Date of publication, distribution, etc 1987
270 ## - ADDRESS
City नयी दिल्ली
Address 23, दरियागंज
Postal code 110002
300 ## - PHYSICAL DESCRIPTION
Extent 160पृ.
Dimensions 20सेमी (सजिल्द)
650 ## - SUBJECT ADDED ENTRY--TOPICAL TERM
Topical term or geographic name as entry element हिन्दी -- साहित्य
9 (RLIN) 49476
650 ## - SUBJECT ADDED ENTRY--TOPICAL TERM
Topical term or geographic name as entry element हिन्दी -- कहानियां
9 (RLIN) 49477
650 ## - SUBJECT ADDED ENTRY--TOPICAL TERM
Topical term or geographic name as entry element Hindi -- literature
9 (RLIN) 49478
650 ## - SUBJECT ADDED ENTRY--TOPICAL TERM
Topical term or geographic name as entry element Hindi - Stories
9 (RLIN) 49479
942 ## - ADDED ENTRY ELEMENTS (KOHA)
Source of classification or shelving scheme Dewey Decimal Classification
Koha item type Hindi Books
Classification part 824
Call number suffix रामधा
Holdings
Withdrawn status Lost status Damaged status Not for loan Home library Current library Date acquired Source of acquisition Cost, normal purchase price Total Checkouts Full call number Barcode Date last seen Copy number Cost, replacement price Price effective from Koha item type
        Central Library Central Library 10/08/2015 Cen Lib/Ret 50.00   824 रामधा A-310759 10/08/2015 1 50.00 10/08/2015 Hindi Books

© Delhi Public Library
Hit Counter
free hit counter